| 000 | 00992na a2200325 4500 | ||
|---|---|---|---|
| 001 | 22172 | ||
| 003 | MIRAKIL | ||
| 005 | 20181226092843.0 | ||
| 008 | 170214b tu n0 0 0 | ||
| 035 | _a20918 | ||
| 040 |
_aMilas _btur _cTR-AnCHP |
||
| 041 | _atur | ||
| 090 | _a050 DER 36 | ||
| 222 | _aÖzgür insan | ||
| 245 |
_aÖzgür insan _baylık dergi _csahibi ve sorumlu müdürü Önder Sav |
||
| 246 | _aÖzgür insan dergisi | ||
| 246 | _aÖzgür insan dergisi | ||
| 260 |
_aAnkara _bBilgi Basımevi _c1972- |
||
| 300 |
_ac. _bres. _c24 sm. |
||
| 310 | _aAylık | ||
| 362 | _ayıl 1, sayı 1 (1 Haziran 1972) - | ||
| 500 | _aDergi Temmuz, 2012'den itibaren 1.sayıdan başlanarak yeniden yayınlanmaya başlanmıştır | ||
| 500 | _aSiyasete saygı. Siyasi aylık dergi | ||
| 650 |
_aSiyaset _vSüreli yayınlar |
||
| 651 |
_aTürkiye _vSüreli yayınlar _xSiyasal tarih |
||
| 655 | _aDergi | ||
| 700 | _aSav, Önder | ||
| 910 | _aDERGİ 36 | ||
| 942 |
_2ddc _cSER |
||
| 999 |
_c11387 _d11387 |
||